000 02049cam a22004694i 4500
003 PE-LiUPU
005 20250731173423.0
008 150706s r 000 0 d
020 _a9781616387549
035 _a(Sirsi) i9781616387549
040 _aPE-LiUPU
_bspa
_cPE-LiUPU
_erda
049 _aPRUA
082 0 4 _a234.131
_bJ66
_221
100 1 _aJohnson, Bill,
_d1951- ,
_eautor.
245 1 3 _aLa guía esencial para la sanidad /
_cBill Johnson y Randy Clark.
264 1 _aLake Mary, Florida :
_bCasa Creacion,
_c2012.
300 _a256 páginas ;
_c22 cm.
336 _atext
_2rdacontent
337 _aunmediated
_2rdamedia
338 _avolume
_2rdacarrier
505 0 _aNuestro viaje personal con respecto a la sanidad -- El viaje de Randy -- El viaje de Bill -- Una teología de la sanidad -- Los dones del Espíritu en la actualidad -- Los creyentes que no creen y los no creyentes que creen -- La sanidad y el reino -- La sanidad y la autoridad del creyente -- La práctica de la sanidad -- Cómo crear una cultura de fe -- El poder del testimonio -- La sanidad y una alma próspera -- Palabras de ciencia para la sanidad -- El modelo relacional de oración de cinco pasos.
526 _aSEG42
526 _aSEG41
526 _aSEG40
526 _aSEG39
526 _aP94
526 _aP87
526 _aP86
526 _aP85
526 _aP77
526 _aP76
526 _aP35
541 _g001-0000604;
650 0 4 _aCuración espiritual
_xCristianismo.
700 1 _aClark, Randy,
_d1952- ,
_eautor.
910 _agl
_bjv
_clch
_d20121026
942 _2ddc
_cBOOK
949 _a234.131 J66
_wDEWEY
_c1
_i65665
_lCCODEBUL1
_mBUL
_p27.00
_r0
_sY
_tBOOK
_u2015-7-6
_xTEOLOGIA
_PP35
_o.STAFF. Colección General
994 _aC0
_bPEPRU
596 _a1
999 _a234.131 J66
_wDEWEY
_c54103
_i65665
_f2021-11-10
_g5
_lCCODEBUL1
_mBUL
_p27.00
_r0
_sY
_tBOOK
_u2015-7-6
_xTEOLOGIA
_PP35
_0COMPRA
_o.STAFF. Colección General
_d54103
980 _81
_gALBERTO SANCHEZ Responsable de Automatización